| 000 | 00464nam a2200157 a 4500 | ||
|---|---|---|---|
| 005 | 20140310183154.0 | ||
| 008 | 970101s19uu xx 00 eng d | ||
| 050 |
_aQA 76.9.D3 _b.Si568 1988 |
||
| 245 |
_aSidekick plus : _bthe professional desktop manager. / |
||
| 260 |
_aScotts Valley, CA : _bBorland International, _c1988. |
||
| 300 |
_a424 p. : _bill. ; _c23 cm. |
||
| 521 | _aIT | ||
| 650 | _aWindows(Computer file) | ||
| 942 |
_cBK _2lcc _kFOR |
||
| 999 |
_c19719 _d19719 |
||